000 01725nam a2200253Ii 4500
008 221202s xx 000 0 und d
100 1 _aMeier, Nicola,
_eauthor
245 0 _aChina :
_b The New Developmental State?
246 _aAn Empirical Analysis of the Automotive Industry
264 1 _aBern
_bPeter Lang International Academic Publishers
_c2018
300 _a1 online resource (362 pages)
336 _atext
_btxt
_2rdacontent
337 _acomputer
_bc
_2rdamedia
338 _aonline resource
_bcr
_2rdacarrier
490 _aHohenheimer volkswirtschaftliche Schriften
_v60
520 _aThe central focus of this analysis is whether the economic growth of China can be attributed to an emulation of the development models of Japan, South Korea, and Taiwan. Based on the developmental state theory, an East Asian developmental state model is set up as a benchmark. The thesis uses an empirical analysis of the auto industry to highlight the performance outcome of China's development strategy. The author confirms that China has evolved into a developmental state similar in its core characteristics to the three leading East Asian states. The model of development in China, however, is an innovative combination of factors from the developmental states, the legacies of the past command economy as well as of the adopted market economy mechanism including international capital flows.
653 _aAnalysis
653 _aAuto Industry
653 _aAutomotive
653 _aAutomotive Industry
653 _aChina
856 _uhttps://docs.google.com/spreadsheets/d/1yKIrdCPDAG_9c22mwoOIO2DOhtj65Wqa/edit?usp=sharing&ouid=106555315294820607512&rtpof=true&sd=true
_yList of Curated E-Books
942 _cE-BOOK
999 _c92256
_d92253